000 00531nam a2200193Ia 4500
001 64535
003 OSt
005 20160412095407.0
008 150204s9999 xx 000 0 und d
020 _a969442464x
040 _cPK-LaUMT
082 _a 891.4393
_bRAZ-S
100 _aRazia Butt
245 _a(شائینہ(Shainah (Urdu)
_c(رضیہ بٹ)Razia Butt
260 _a(لاہور،پاکستان)Lahore,Pakistan:
_b(مقبول اکیڈمی)Maqbool Academy,
_c2000
300 _a379 p.
546 _aUR
942 _cBK
_2ddc
999 _c65681
_d65681